MARC details
| 000 -LEADER |
| campo de control de longitud fija |
01426nam a2200337 i 4500 |
| 001 - NÚMERO DE CONTROL |
| campo de control |
196754 |
| 003 - IDENTIFICADOR DE NÚMERO DE CONTROL |
| campo de control |
ES-MaACL |
| 005 - FECHA Y HORA DE LA ÚLTIMA TRANSACCIÓN |
| campo de control |
20250723063408.0 |
| 008 - DATOS DE LONGITUD FIJA--INFORMACIÓN GENERAL |
| campo de control de longitud fija |
241104b2024 sp ||||| |||| 00| 0 spa d |
| 017 ## - NÚMERO DE COPYRIGHT O DE DEPÓSITO LEGAL |
| Número de copyright o de depósito legal |
M-19341-2024 |
| Agencia que asigna |
Oficina Depósito Legal Madrid |
| 020 ## - NÚMERO INTERNACIONAL ESTÁNDAR DEL LIBRO |
| Número Internacional Estándar del Libro |
9788410389267 |
| 040 ## - FUENTE DE CATALOGACIÓN |
| Lengua de catalogación |
spa |
| Centro/agencia transcriptor |
ES-MaACL |
| 245 1# - MENCIÓN DEL TÍTULO |
| Título |
En el desván de José Luis Sampedro : |
| Resto del título |
(estudios para un homenaje) / |
| Mención de responsabilidad, etc. |
José Manuel Lucía Megías (editor) ; prólogo de Olga Lucas |
| 260 ## - PUBLICACIÓN, DISTRIBUCIÓN, ETC. |
| Lugar de publicación, distribución, etc. |
Madrid : |
| Nombre del editor, distribuidor, etc. |
Grupo Sial Pigmalión, |
| Fecha de publicación, distribución, etc. |
2024 |
| 264 ## - PRODUCCIÓN, PUBLICACIÓN, DISTRIBUCIÓN, FABRICACIÓN Y COPYRIGHT |
| Producción, publicación, distribución, fabricación y copyright |
©2024 |
| 300 ## - DESCRIPCIÓN FÍSICA |
| Extensión |
352 páginas ; |
| Otras características físicas |
21 cm |
| 336 ## - TIPO DE CONTENIDO |
| Fuente |
rdacontent |
| Término de tipo de contenido |
texto |
| 337 ## - TIPO DE MEDIO |
| Fuente |
rdamedia |
| Nombre/término del tipo de medio |
sin mediación |
| 338 ## - TIPO DE SOPORTE |
| Fuente |
rdacarrier |
| Nombre/término del tipo de soporte |
volumen |
| 490 1# - MENCIÓN DE SERIE |
| Mención de serie |
Trivium Biblioteca de textos y ensayo , |
| Designación de volumen o secuencia |
71 |
| 600 14 - PUNTO DE ACCESO ADICIONAL DE MATERIA--NOMBRE DE PERSONA |
| 9 (RLIN) |
102185 |
| Nombre de persona |
Sampedro, José Luis, |
| Fechas asociadas al nombre |
1917-2013 |
| 700 1# - ENTRADA AGREGADA--NOMBRE PERSONAL |
| 9 (RLIN) |
240291 |
| Nombre de persona |
Lucía Megías, José Manuel, |
| Fechas asociadas al nombre |
1967- |
| Término indicativo de función/relación |
Editor literario |
| 700 1# - ENTRADA AGREGADA--NOMBRE PERSONAL |
| 9 (RLIN) |
74536 |
| Nombre de persona |
Lucas, Olga, |
| Fechas asociadas al nombre |
1947- |
| Término indicativo de función/relación |
Autor |
| 700 1# - ENTRADA AGREGADA--NOMBRE PERSONAL |
| 9 (RLIN) |
237662 |
| Nombre de persona |
Berzosa, Carlos, |
| Fechas asociadas al nombre |
1945- |
| Término indicativo de función/relación |
Autor |
| 852 ## - LOCALIZACIÓN |
| Ubicación |
ES-MaACL |
| Ubicación en estantería |
Depósito J |
| Número de control de estantería |
N-10178 |
| Anotaciones manuscritas |
Dedicatoria autógrafa del autor-editor |
| Donativo/Legado |
Donación: José Manuel Lucía Megías |
| Encuadernación |
Encuadernación rústica con solapas |
| itemnumber |
206305 |
| 903 ## - NOMBRE PERSONAL DE DONANTE |
| 9 |
240291 |
| a |
Lucía Megías, José Manuel, |
| d |
1967- |
| e |
Donante |
| 942 ## - ELEMENTOS DE ENTRADA SECUNDARIOS (KOHA) |
| Tipo de ítem Koha |
Libro impreso |
| Suprimir en OPAC |
No |